Laser induced damage in optical materials 1987 : proceedings of a symposium sponsored by National Institute of Standards and Technology ... [et al] : October 26-28, 1987, NIST (formerly NBS), Boulder, Colorado /
Saved in:
| Corporate Authors: | , |
|---|---|
| Other Authors: | |
| Format: | Conference Proceeding Book |
| Language: | English |
| Published: |
Gaithersburg, MD :
U.S. Dept. of Commerce, National Institute of Standards and Technology,
[1988]
|
| Series: | NIST special publication ;
756 ASTM special technical publication ; 1038. |
| Subjects: |
| LEADER | 01594nam a2200313 a 4500 | ||
|---|---|---|---|
| 001 | c000016197 | ||
| 003 | CARM | ||
| 005 | 00000000000000.0 | ||
| 008 | 900809s1988 mdu 00000 eng d | ||
| 019 | 1 | |a 6838680 |5 LACONCORD2021 | |
| 035 | |a (OCoLC)220548112 |5 LACONCORD2021 | ||
| 040 | |a NUN |c NUN | ||
| 245 | 0 | 0 | |a Laser induced damage in optical materials 1987 : |b proceedings of a symposium sponsored by National Institute of Standards and Technology ... [et al] : October 26-28, 1987, NIST (formerly NBS), Boulder, Colorado / |c edited by Harold E. Bennett ... [et al.] |
| 260 | |a Gaithersburg, MD : |b U.S. Dept. of Commerce, National Institute of Standards and Technology, |c [1988] | ||
| 300 | |a xiv, 634 p. : |b ill. | ||
| 440 | 0 | |a NIST special publication ; |v 756 | |
| 490 | 1 | |a ASTM STP ; |v 1038 | |
| 500 | |a "Papers presented at the nineteenth Symposium on Optical Materials for High-Power Lasers"--P. iii. | ||
| 500 | |a "October 1988" | ||
| 650 | 0 | |a Optical materials |x Effect of radiation on |x Congresses. | |
| 650 | 0 | |a Laser beams |x Congresses. | |
| 700 | 1 | |a Bennett, Harold E. |q (Harold Earl), |d 1929- | |
| 710 | 2 | 0 | |a National Institute of Standards and Technology (U.S.) |
| 711 | 2 | 0 | |a Symposium on Optical Materials for High-Power Lasers |n (19th : |d 1987 : |c Boulder, Colo.) |
| 830 | 0 | |a ASTM special technical publication ; |v 1038. | |
| 852 | 8 | |b CARM |h A2:AK16C0 |i D02486 |p 0141050 |f BK | |
| 082 | 0 | |a 621.366 | |
| 999 | f | f | |i e469955d-c7a3-5f93-a788-4f435da2d77f |s 041e0156-b1d4-53fb-9b14-2efd3bcbf876 |
| 952 | f | f | |p Can circulate |a CAVAL |b CAVAL |c CAVAL |d CARM 1 Store |e D02486 |f A2:AK16C0 |h Other scheme |i book |m 0141050 |